000
00293nam a2200133Ia 4500
008
230917s9999||||xx |||||||||||||| ||und||
040
_e
119541
_a
MAIN
041
_a
English
082
_a
574.03 S32D
100
_a
Steen
245
0
_a
Dictionary of biology
300
_a
630p. p.
942
_c
BK
999
_c
38351
_d
38351